000 00654nam a22002417a 4500
003 UA-OsUOA
001 96443
007 ta
008 20130319b un ||||| |||| 00| 0 ukr d
100 _aАкаев А.
700 _aДжамакеев У.
700 _aКоротаев А.
090 _a330
_bА38
942 _cSA
040 _aUA-OsUOA
_bukr
_cUA-OsUOA
_dUA-OsUOA
245 _aЭкономическая динамика США в 1990-2011 гг.: кейнсианский анализ
300 _aС.117-131
955 _a0
041 _aukr
080 _a330
773 0 _w96440
650 7 _a330 Економіка взагалі
_2UDC
999 _c382699
_d382699